| 000 | 00916cam a22002534a 4500 | ||
|---|---|---|---|
| 001 | 16842672 | ||
| 005 | 20260313150716.0 | ||
| 008 | 110624s2012 dcuab b 001 0 eng | ||
| 020 |
_a9781597266918 _qcloth : alk. paper |
||
| 020 |
_a1597266914 _qcloth : alk. paper |
||
| 020 |
_a9781597266925 _qpbk. : alk. paper |
||
| 020 |
_a1597266922 _qpbk. : alk. paper |
||
| 050 | 0 | 0 |
_aHT167 _b.T34 2012 |
| 082 | 0 | 0 |
_a307.1/2160973 _223 |
| 100 | 1 |
_aTalen, Emily, _d1958- |
|
| 245 | 1 | 0 |
_aCity rules : _bhow regulations affect urban form / _cEmily Talen ; [foreword by Andrés Duany]. |
| 260 |
_aWashington, DC : _bIsland Press, _cc2012. |
||
| 300 |
_axiii, 236 p. : _bill. (chiefly col.), maps (chiefly col.) ; _c26 cm. |
||
| 650 | 0 |
_aCity planning _zUnited States. |
|
| 650 | 0 |
_aCity planning and redevelopment law _zUnited States. |
|
| 650 | 0 |
_aZoning law _zUnited States. |
|
| 700 | 1 | _aDuany, Andres. | |
| 942 |
_2lcc _cBK _n0 |
||
| 999 |
_c9025 _d9025 |
||